00349pab a2200121 454500008004000000100001600040245006700056260000900123300001100132650002700143700001600170773004100186180718b1986 xxu||||| |||| 00| 0 eng d aLiang, Ziao aThe welfare system as it applies to staff and workers in China c1986 a449-58 aPublic Welfare - China aWang Yongle aInternational Social Science Journal